General Knowledge: South Korea - Statistics

General Stats
  • This quiz has been taken 1,764 times
  • The average score is 10 of 22
Answer Stats
Hint Answer % Correct
What is the most common Korean surname? Kim
93%
Which district of Seoul is known for being affluent and exclusive? Gangnam
72%
What is the name of the Korean alphabet? Hangul
71%
What is mandatory for all Korean men at some point when they are between 20 and 30 years of age? Military Service
71%
What is the second-biggest city in South Korea? Busan
67%
Which Kpop group includes Kai, Chanyeol, and Baekhyun? EXO
63%
What is the Kpop girl group with the most-viewed video on Youtube? Girl's Generation
54%
It is considered attractive to have a small what in South Korea? Face
52%
What year did the Korean war start? 1950
50%
What is the name of the buffer zone between North Korea and South Korea? Demilitarized Zone
48%
Which Kpop group includes CL, Dara, and Bom? 2NE1
43%
What type of plastic surgery is common in South Korea? Double Eyelid
41%
What is the name for a Korean soap opera? K-Drama
38%
What is the Korean word for "cuteness"? Aegyo
37%
What is the second-most viewed video on Youtube of the "Gangnam Style" artist, Psy? Gentleman
36%
What is the name for a crazy, obsessive Kpop fan? Sasaeng
35%
What is the Kpop boy group with the most-viewed video on Youtube? Big Bang
34%
What is the name of the South Korean flag? Taegukgi
24%
What is the full name of the secretary-general of the United Nations, who is from South Korea? Ban Ki Moon
16%
What is the name for the trend of putting makeup under one's eyes to make the bags look puffier? Aegyo Sal
15%
Which American comedian recently went on a trip to South Korea? Conan O'Brien
9%
What is the name of the sex-themed South Korean sculpture park? Jeju Love Land
6%
No matching quizzes found
Score Distribution
Percent of People with Each Score
Percentile by Number Answered
Your Score History
You have not taken this quiz